Animali con la "P" - Statistics

Statistiche generali
  • Questo quiz è stato fatto 214 volte
  • Il punteggio medio è 10 su 15
Statistiche sulle risposte
suggerimento risposta % Corretto
Questo animale ripete tutto ciò che sente Pappagallo
97%
Animale odiato per il suo odore Puzzola
97%
Per sopravvivere, questo animale deve mangiare 45 kili al giorno di bamboo Panda
95%
Famoso cartone comico: La__________ rosa Pantera
94%
E' il cucciolo del cavallo o dell'asino Puledro
90%
E' anche chiamato Leone di montagna Puma
76%
E' un uccello, ma non può volare Pinguino
73%
E' l'unico mammifero volante Pipistrello
68%
Ha tre cuori Polpo
67%
Animale che ri0corda vagamente un ladro dalle strisce attorno ai suoi occhi Procione
60%
Sono insetti parassiti senza ali che si nutrono di sangue Pulci
56%
conosciuti anche come "formichieri squamosi Pangolini
36%
Si dice che la ________ nera porti sfortuna Pecora
29%
piccolo insetto simile ad una zanzara diffuso nell'area mediterranea Pappatacio
26%
Questo animale è anche chiamato Serrasalmidae Piranha
10%
Nessun quiz corrispondente trovato
Distribuzione punteggi
Percentuale di utenti per punteggio
Percentile per numero di risposta
I tuoi punteggi nel tempo
Non hai fatto questo quiz